Baby Girl Names Beginning with 'K' (2010) Quiz Stats

 Plays Quiz not verified by Sporcle

Challenge
Share
Tweet
Embed
Score 0/95 Timer 15:00
0 Plays Today
Overall Ranking Names % Correct
70.Katherine
93.4%
209.Kate
93.3%
161.Katie
92.1%
959.Kai
89.7%
68.Kimberly
89%
961.Kimber
86.9%
49.Kayla
86.6%
306.Kelly
85.3%
57.Kylie
82.6%
35.Kaylee
81.1%
291.Kara
79.2%
230.Kathryn
78.3%
42.Khloe
77.7%
592.Kristina
77%
90.Kaitlyn
76.9%
246.Karen
75.2%
103.Katelyn
72.9%
574.Kristen
72.1%
206.Kendra
70.1%
595.Kathleen
68.7%
880.Kendal
68%
133.Kendall
66.7%
233.Kelsey
66.3%
139.Kylee
66.2%
255.Kyla
65.9%
665.Kaitlin
65.8%
323.Karla
63.5%
678.Kallie
63.3%
867.Katrina
63.2%
308.Kira
63.2%
795.Kasey
62.8%
244.Kayleigh
62.2%
Overall Ranking Names % Correct
391.Kaylie
62.1%
349.Kyra
61.8%
910.Karly
61.7%
540.Kassandra
61.4%
637.Kourtney
60.9%
166.Keira
60.4%
110.Kennedy
59.2%
418.Kiera
58.4%
535.Kali
58.3%
845.Kirsten
58.1%
288.Karina
55.1%
928.Karli
54.6%
806.Karlie
54%
722.Krystal
53.1%
313.Katelynn
51.6%
460.Kassidy
50.7%
381.Kailey
50.4%
716.Kaitlynn
49.9%
372.Kenzie
49.7%
294.Kyleigh
47.6%
325.Kiara
47%
480.Kayden
45.4%
663.Kailee
45.3%
657.Karlee
44.9%
771.Kaya
44.2%
854.Kelsie
43.9%
839.Kenna
42.7%
377.Kiley
42.4%
438.Kadence
41.2%
965.Kloe
41%
772.Kaylyn
40.1%
439.Kailyn
39%
Overall Ranking Names % Correct
432.Kamila
38.6%
583.Kaleigh
38.2%
582.Kiana
37.8%
492.Kennedi
37.7%
399.Kaylin
37.3%
301.Kamryn
37%
577.Kaylynn
34.3%
545.Kaia
33.7%
339.Kaelyn
33.5%
737.Karissa
33.5%
258.Kaydence
33.1%
231.Kinley
31.6%
715.Kenya
29.4%
797.Kaylen
28.6%
907.Kaelynn
27.8%
307.Kinsley
26.8%
897.Karma
23.6%
957.Kinsey
22.1%
500.Kenley
22%
878.Kyndall
20.3%
840.Kiersten
20.2%
951.Kierra
18.8%
945.Kylah
17.7%
499.Kimora
16.9%
679.Keyla
16.6%
811.Karsyn
15.1%
919.Kayleen
14.9%
567.Kaliyah
12.4%
747.Kaiya
12%
886.Kynlee
11.4%
971.Kairi
11.1%

You're not logged in!

Compare scores with friends on all Sporcle quizzes.
OR
Log In

You Might Also Like...

Show Comments

Extras

Created Jun 13, 2011SourceReportNominate
Tags:Baby Names Quiz, name

Top Quizzes Today


Score Distribution

Your Account Isn't Verified!

In order to create a playlist on Sporcle, you need to verify the email address you used during registration. Go to your Sporcle Settings to finish the process.

Report this User

Report this user for behavior that violates our Community Guidelines.

Details: